000 00303nam a22001337a 4500
008 181008b xxu||||| |||| 00| 0 eng d
020 _a0443081255
041 _aeng
080 _a610
100 _a6
101 _aANE
245 _aAnesthesia and Co-Existing Disease
_cStoelting,R.K
942 _2udc
_cBK
999 _c49014
_d49014